Loading...
| Mythology | 0 | 4 | 1 | 0 | 35 | 102 | 112.25 | 0 | 0 | 3.63 | 10.00 |
| Fine Arts - Painting and Sculpture | 0 | 3 | 0 | 0 | 30 | 72 | 96.00 | 1 | 1 | 6.25 | 19.09 |
| Science - Biology | 0 | 3 | 0 | 0 | 30 | 71 | 92.67 | 0 | 0 | 5.50 | 12.05 |
| Fine Arts - Other | 0 | 3 | 0 | 2 | 30 | 92 | 122.00 | 0 | 1 | 2.63 | 14.55 |
| Philosophy | 0 | 2 | 0 | 0 | 20 | 82 | 103.50 | 0 | 1 | 2.61 | 7.73 |
| History - American | 0 | 2 | 0 | 0 | 20 | 92 | 97.50 | 0 | 0 | 4.34 | 10.91 |
| Literature - American | 0 | 1 | 0 | 0 | 10 | 72 | 72.00 | 0 | 0 | 4.70 | 5.45 |
| Literature - British | 0 | 1 | 0 | 0 | 10 | 113 | 113.00 | 0 | 0 | 1.91 | 2.73 |
| Literature - World | 0 | 1 | 0 | 0 | 10 | 121 | 121.00 | 0 | 0 | 0.22 | 1.14 |
| Popular Culture | 0 | 1 | 0 | 0 | 10 | 134 | 134.00 | 0 | 1 | 0.97 | 25.00 |
| Geography | 0 | 1 | 0 | 0 | 10 | 109 | 109.00 | 0 | 0 | 5.60 | 16.67 |
| Science - Physics | 0 | 1 | 0 | 0 | 10 | 122 | 122.00 | 0 | 0 | 0.07 | 1.82 |
| Fine Arts - Classical Music | 0 | 1 | 1 | 0 | 5 | 124 | 124.00 | 0 | 0 | 0.00 | 1.82 |
| History - Other | 0 | 1 | 1 | 0 | 5 | 34 | 34.00 | 1 | 1 | 6.56 | 9.09 |
| Religion | 0 | 1 | 2 | 0 | 0 | 98 | 98.00 | 0 | 1 | 1.34 | 5.45 |
| Science - Chemistry | 0 | 0 | 0 | 0 | 0 | 0.00 | 0 | 0 | 0.00 | 0.00 | |
| Other Academic | 0 | 0 | 1 | 0 | -5 | 0.00 | 0 | 0 | 0.00 | 0.00 | |
| Science - Other | 0 | 0 | 1 | 0 | -5 | 0.00 | 0 | 0 | 0.00 | 0.00 | |
| History - European | 0 | 0 | 1 | 0 | -5 | 0.00 | 0 | 0 | 0.00 | 0.00 | |
| Social Science | 0 | 0 | 1 | 0 | -5 | 0.00 | 0 | 0 | 0.00 | 0.00 |